000 00351nam a22001457a 4500
003 OSt
005 20160727222456.0
008 160705b xxu||||| |||| 00| 0 eng d
040 _cTEST
100 _92180
_a Rau, M.C
245 _aNehru fpr Children
260 _aN.D
_b Children Books Trust
_c2004
300 _aNehru fpr Children
942 _2ddc
_cBK
999 _c1869
_d1869